Cartoon Caps Quiz Stats

 Plays Quiz Updated Aug 30, 2017

     
Support Sporcle.
Go Orange.
Score 0/20 Timer 05:00
5 Plays Today
% Correct
SpongeBob SquarePants
99.5%
Scooby-Doo, Where Are You!
92.9%
Tom and Jerry
92.7%
The Smurfs
92.4%
Family Guy
92.2%
Popeye
90.9%
Teenage Mutant Ninja Turtles
90.8%
The Flintstones
90.3%
Garfield and Friends
89.9%
The Pink Panther Show
89.6%
% Correct
South Park
87.1%
The Simpsons
85.9%
The Jetsons
82.6%
Peanuts
80.1%
Beavis and Butt-Head
79.1%
My Little Pony
73.4%
Futurama
65.3%
Adventure Time
65.1%
American Dad!
63.2%
VeggieTales
45.2%

From the Vault

What's in a BLT?

by myitbos

Is 'heaven' an answer, because we're sure it's in there.
Remove Ads.
Support Sporcle.
Get the best of Sporcle when you Go Orange. This ad-free experience offers more features, more stats, and more fun while also helping to support Sporcle. Thank you for becoming a member.

Show Comments

Extras

Top Quizzes Today


Score Distribution

Your Account Isn't Verified!

In order to create a playlist on Sporcle, you need to verify the email address you used during registration. Go to your Sporcle Settings to finish the process.

Report this User

Report this user for behavior that violates our Community Guidelines.

Details: